| 000 | 00402cam a22001217a 4500 | ||
|---|---|---|---|
| 008 | 180718b1960 xxu||||| |||| 00| 0 eng d | ||
| 082 | _aK1203x54 C393c | ||
| 100 | _aChaudhari, L.S. | ||
| 245 |
_aChaudri's compilation of the fundamental rules and the supplemantary rulers _cby L. S. Chaudhari |
||
| 260 |
_aLakhinder _bThe Author _c1960 |
||
| 300 | _a464p. | ||
| 650 | _aCivil Service - Indai - Legislation | ||
| 999 |
_c478707 _d478707 |
||